Statistiques concernant Les Jeux Assassin's Creed

Cliquez ici pour prendre le quiz!

Statistiques générales

  • Ce quiz a été pris 69 fois
  • Le résultat moyen est 13 sur 28

Statistiques - réponses

AnnéeChronologiePersonnage% Correct
2007Troisième croisadeAssassin's Creed
100%
2009Renaissance italienneAssassin's Creed II
93%
2012Révolution américaineAssassin's Creed III
88%
2013Âge d'or de la piraterieAssassin's Creed IV: Black Flag
88%
2017Égypte antiqueAssassin's Creed Origins
82%
2020Âge des VikingsAssassin's Creed Valhalla
81%
Révolution françaiseAssassin's Creed Unity
79%
2010Assassin's Creed: Brotherhood
77%
2018Grèce antiqueAssassin's Creed Odyssey
75%
2023Âge d'or de l'IslamAssassin's Creed Mirage
72%
2015Révolution industrielleAssassin's Creed Syndicate
67%
Guerre de Sept AnsAssassin's Creed: Rogue
58%
2011Assassin's Creed: Revelations
56%
?Japon féodalAssassin's Creed: Codename Red
39%
Chine impérialeAssassin's Creed Chronicles: China
33%
2016Empire SikhAssassin's Creed Chronicles: India
32%
Révolution d'OctobreAssassin's Creed Chronicles: Russia
32%
2014Assassin's Creed Freedom Cry
28%
VRAssassin's Creed Nexus
26%
Chine ancienneAssassin's Creed Jade
25%
Saint-Empire romain germaniqueAssassin's Creed: Codename Hexe
16%
Assassin's Creed: Bloodlines
14%
Assassin's Creed III: Liberation
14%
Inquisition espagnoleAssassin's Creed Rebellion
12%
Renaissance italienneAssassin's Creed Identity
11%
Assassin's Creed Pirates
11%
2008Assassin's Creed: Altaïr's Chronicles
9%
Assassin's Creed II: Discovery
7%

Distribution des résultats

Percentile par nombre de réponses

% des personnes avec chaque résultat

Votre développement - résultats

Vous n’avez pas pris ce quiz